Richmond Tigers Best and Fairest Winners - Statistics

General Stats
  • This quiz has been taken 62 times
    47 since last reset
  • The average score is 36 of 91
Answer Stats
Year Player % Correct
2016 Dustin Martin
100%
2017 Dustin Martin
100%
1935 Ray Martin
100%
2011 Trent Cotchin
90%
2012 Trent Cotchin
90%
2014 Trent Cotchin
90%
2010 Jack Riewoldt
85%
2018 Jack Riewoldt
85%
1967 Kevin Bartlett
80%
1968 Kevin Bartlett
80%
1973 Kevin Bartlett
80%
1974 Kevin Bartlett
80%
1977 Kevin Bartlett
80%
2022 Tom Lynch
80%
2019 Dion Prestia
75%
2007 Matthew Richardson
75%
2021 Dylan Grimes
65%
1982 Maurice Rioli
65%
1983 Maurice Rioli
65%
2013 Daniel Jackson
60%
2020 Jayden Short
60%
1995 Wayne Campbell
60%
1997 Wayne Campbell
60%
1999 Wayne Campbell
60%
2002 Wayne Campbell
60%
2015 Alex Rance
55%
2008 Brett Deledio
55%
2009 Brett Deledio
55%
1937 Jack Dyer
55%
1938 Jack Dyer
55%
1939 Jack Dyer
55%
1940 Jack Dyer
55%
1946 Jack Dyer
55%
2006 Kane Johnson
50%
1986 Dale Weightman
45%
1987 Dale Weightman
45%
1990 Matthew Knights
45%
1992 Matthew Knights
45%
1978 Geoff Raines
40%
1980 Geoff Raines
40%
1981 Geoff Raines
40%
1971 Ian Stewart
40%
2004 Joel Bowden
40%
2005 Joel Bowden
40%
1976 Kevin Sheedy
40%
1969 Royce Hart
40%
1972 Royce Hart
40%
1945 Bill Morris
35%
1948 Bill Morris
35%
1950 Bill Morris
35%
1929 Jack Titus
35%
1941 Jack Titus
35%
1975 Kevin Morris
35%
1951 Roy Wright
35%
1952 Roy Wright
35%
1954 Roy Wright
35%
1957 Roy Wright
35%
1991 Craig Lambert
25%
1970 Francis Bourke
25%
1984 Mark Lee
25%
1965 Bill Barrot
20%
1998 Nick Daffy
20%
2001 Darren Gaspar
15%
2003 Mark Coughlan
15%
1988 Michael Pickering
15%
2000 Andrew Kellaway
10%
1979 Barry Rowlings
10%
1947 Bill Wilson
10%
1996 Paul Broderick
10%
1985 Trevor Poole
10%
1927 Basil McCormack
5%
1928 Basil McCormack
5%
1994 Chris Bond
5%
1951 Des Rowe
5%
1955 Des Rowe
5%
1953 Havel Rowe
5%
1942 Leo Merrett
5%
1944 Leo Merrett
5%
1960 Ron Branton
5%
1961 Ron Branton
5%
1962 Ron Branton
5%
1989 Tony Fee
5%
1993 Tony Fee
5%
1958 Dave Cuzens
0%
1959 Dave Cuzens
0%
1949 Geoff Spring
0%
1956 Laurie Sharp
0%
1963 Neville Crowe
0%
1964 Neville Crowe
0%
1966 Neville Crowe
0%
1943 Ron Durham
0%
No matching quizzes found
Score Distribution
Percent of People with Each Score
Percentile by Number Answered
Your Score History
You have not taken this quiz since the last reset